| 000 | 00684nam a2200217 i 4500 | ||
|---|---|---|---|
| 001 | 109323 | ||
| 003 | ES-MaACL | ||
| 005 | 20240205165151.0 | ||
| 007 | t| | ||
| 008 | 061121s1933 fr r ||||1| fre d | ||
| 100 | 1 |
_aOlivier, Fernande. _986889 |
|
| 245 | 1 | 0 |
_aPicasso et ses amis / _cFernande Olivier ; préface de Paul Léautand. |
| 260 |
_aParís : _bStock : _bDelamian et Boutellau, _c1933 ( _fLagny : E. Grevin) |
||
| 300 |
_aXVI, 237 p., 16 lám. ; _c19 cm. |
||
| 490 | 1 | _aAtelier | |
| 600 | 1 | 4 |
_aPicasso, Pablo, _d1881-1973 _991794 |
| 700 | 1 |
_aLéautand, Paul. _970990 |
|
| 830 | 0 |
_aAtelier _9232975 |
|
| 852 |
_aES-MaACL _jA-2286 |
||
| 999 |
_c109323 _d109323 |
||